000 00285nam a2200121Ia 4500
008 190216s9999||||xx |||||||||||||| ||und||
100 _aShakespere
245 0 _aDr.Johnson On Shakespeare
260 _bPenguin Books
_c1969
300 _a155p
650 _aEnglish General
942 _cBK
999 _c12296
_d12296